000 00561nam a2200193Ia 4500
008 151119s9999||||xx |||||||||||||| ||und||
082 _a362.6
082 _bGKKV25798
100 _aउगावकर राम
245 _aसदाबहार वृद्धत्व
260 _a--
260 _b--
260 _c0
600 _aउगावकर राम
630 _aसदाबहार वृद्धत्व
700 _aउगावकर राम
730 _aसदाबहार वृद्धत्व
942 _cBOOK
999 _c1078304
_d1078301